|
|
|
|
| LEADER |
00000naa a2200000 ar4500 |
| 001 |
vtls009463237 |
| 003 |
SK-MaSNL |
| 005 |
20260302145541.0 |
| 008 |
090120c1995 xo |r||||||||||00 b|slo |
| 015 |
|
|
|a SNBRA2009/01
|2 snkbucl
|
| 038 |
|
|
|a SNKBUCL
|
| 040 |
|
|
|a SNKBUCL
|b slo
|e AACR2
|c SNKBUCL
|
| 041 |
0 |
|
|a slo
|
| 044 |
|
|
|a xo
|c SK
|
| 080 |
|
|
|a 94(437.6)-051"18/19"
|2 2001
|
| 080 |
|
|
|a 32-051
|2 2001
|
| 080 |
|
|
|a 52-051
|2 2001
|
| 080 |
|
|
|a 929 Štefánik, Milan Rastislav
|2 2001
|
| 245 |
0 |
0 |
|a Milan Rastislav Štefánik (21.7.1880 Košariská, o. Senica - 4.5.1919 Ivánka pri Bratislave, pochovaný v mohyle na Bradle)
|b astronóm, vojenský letec, politik prvý minister vojny ČSR
|
| 300 |
|
|
|b Fotogr.
|
| 500 |
|
|
|a Zborník zostavil Milan Ferko
|
| 504 |
|
|
|a Bibliogr. odkazy
|
| 600 |
1 |
7 |
|a Štefánik, Milan Rastislav,
|d 1880-1919
|2 snkbucl
|9 86219
|
| 655 |
|
7 |
|a profily
|2 snkbucl
|9 341977
|
| 773 |
0 |
|
|t Sto slávnych Slovákov
|d Martin : Matica slovenská, 1995
|g S. 127
|z 8070903538
|
| 852 |
|
|
|a SNK
|b KIS3GCP
|
| 958 |
|
|
|a NB
|
| 958 |
|
|
|a BX
|
| 999 |
|
|
|c 1354521
|d 1356451
|